Cherish the Lettuce - Statistics

General Stats
  • This quiz has been taken 6 times
  • The average score is 4 of 8
Answer Stats
Question Answer Yes Here % Correct
Do you cherish the Lettuce? (Español) Si
100%
Do you like the Lettuce? (English) Yes
100%
Would you forfeit all mortal possessions to the Lettuce? (Deutsch) Ja
67%
In five years, will you still love and cherish the Lettuce? (Čeština) Ano
33%
Will you in ten years? (Nihongo/日本語) Hai
33%
Is the Lettuce the most important thing in your life? (Zhōngguó rén/中国人) Shì de
33%
Would you die for the Lettuce? (Gaeilge) Ta
33%
Will you pat the Lettuce? (Polski) Tak
33%
No matching quizzes found
Score Distribution
Percent of People with Each Score
Percentile by Number Answered
Your Score History
You have not taken this quiz